000 00274nam a22001097a 4500
008 160426b xxu||||| |||| 00| 0 eng d
020 _a9780323052382
041 _aeng
080 _a618.2
245 _aNursing management and leadership:
_cAnn Marriner Tomey;
942 _2udc
_cBK
999 _c1595
_d1595